An introduction to Marxism / (Record no. 157935)

MARC details
000 -LEADER
fixed length control field 00697nam a2200253 a 4500
008 - FIXED-LENGTH DATA ELEMENTS--GENERAL INFORMATION
fixed length control field
049 ## - LOCAL HOLDINGS (OCLC)
Holding library MAIN
090 ## - LOCALLY ASSIGNED LC-TYPE CALL NUMBER (OCLC); LOCAL CALL NUMBER (RLIN)
Classification number (OCLC) (R) ; Classification number, CALL (RLIN) (NR) HX246
Local cutter number (OCLC) ; Book number/undivided call number, CALL (RLIN) BUR
003 - CONTROL NUMBER IDENTIFIER
control field
005 - DATE AND TIME OF LATEST TRANSACTION
control field 20230123133959.0
040 ## - CATALOGING SOURCE
Transcribing agency NUST
100 1# - MAIN ENTRY--PERSONAL NAME
Personal name Burns, Emile.
245 13 - TITLE STATEMENT
Title An introduction to Marxism /
Statement of responsibility, etc. by Emile Burns.
250 ## - EDITION STATEMENT
Edition statement Rev. ed.
260 ## - PUBLICATION, DISTRIBUTION, ETC.
Place of publication, distribution, etc. London ;
Date of publication, distribution, etc. Lawrence & Wishart,
-- c1966.
300 ## - PHYSICAL DESCRIPTION
Extent 75 p. ;
Dimensions 19 cm.
500 ## - GENERAL NOTE
General note First ed. published in 1939 under title: What is Marxism?
650 #0 - SUBJECT ADDED ENTRY--TOPICAL TERM
Topical term or geographic name entry element Socialism.
650 #0 - SUBJECT ADDED ENTRY--TOPICAL TERM
Topical term or geographic name entry element Communism.
700 1# - ADDED ENTRY--PERSONAL NAME
Personal name Marx, Karl.
730 0# - ADDED ENTRY--UNIFORM TITLE
Uniform title What is Marxism?
907 ## - LOCAL DATA ELEMENT G, LDG (RLIN)
a .b10160553
b 20-04-12
c 22-03-05
942 ## - ADDED ENTRY ELEMENTS (KOHA)
Koha item type Ordinary Loan Books
Call number prefix HX246
Call number suffix BUR
Holdings
Date last seen Total Checkouts Full call number Barcode Cost, replacement price Price effective from Koha item type Lost status Source of classification or shelving scheme Damaged status Not for loan Collection Withdrawn status Home library Current library Shelving location Date acquired Cost, normal purchase price
01/23/2023 17 HX246 BUR 92003035393 80.00 01/23/2023 BOOKS   LCC     NFIC   MAIN MAIN GEN 01/23/2023 80.00